000 00738nam a22002057a 4500
005 20251001150825.0
010 _aENG-146924-927
020 _a9789349015579(Set of 4 Vols)
_c12500.00
035 _aEN-130456-459
037 _bDBAD
_aDPL
082 _a347.5406
_222
245 _aWoodroffe and Amir Ali: Law of Evidence
250 _a22
260 _aGurgaon
_bLexis Nexis
_c2025
270 _a14th floor building no 10, tower-B, DLF cyber city, phase-II
_bGurgaon
_e122002
300 _acccxxxvii,5822p.
_c25cm(hb)
490 _vVol 1, Vol 2,Vol 3, Vol 4
500 _aSection 1 to 23 (Vol 1) Section 24 to 93 (Vol 2) Section 94 to 120 (Vol 3) Section 121 to 170 (Vol 4)
942 _2ddc
_cEN
_h347.5406
_mLAW
_e1
999 _c213556
_d213556